书目信息 |
| 题名: |
环境试验与环境试验设备用湿度查算手册
|
|
| 作者: | 陈云生 编著 | |
| 分册: | ||
| 出版信息: | 北京 中国标准出版社 2007.11 |
|
| 页数: | 10, 206页 | |
| 开本: | 26cm | |
| 丛书名: | ||
| 单 册: | ||
| 中图分类: | P412.13-62 | |
| 科图分类: | ||
| 主题词: | 湿度--shi du--气象观测--计算--手册 | |
| 电子资源: | ||
| ISBN: | 978-7-5066-4553-9 | |
| 000 | 00906nam0 2200241 450 | |
| 001 | 012008521619 | |
| 005 | 20080124102600.87 | |
| 010 | @a978-7-5066-4553-9@dCNY30.00 | |
| 100 | @a20080124d2007 em y0chiy0120 ea | |
| 101 | 0 | @achi |
| 102 | @aCN@b110000 | |
| 105 | @ay a 000yy | |
| 106 | @ar | |
| 200 | 1 | @a环境试验与环境试验设备用湿度查算手册@Ahuan jing shi yan yu huan jing shi yan she bei yong shi du cha suan shou ce@f陈云生编著@Fchen yun sheng bian zhu |
| 210 | @a北京@c中国标准出版社@d2007.11 | |
| 215 | @a10, 206页@d26cm | |
| 320 | @a有书目 (第206页) | |
| 330 | @a本书给出了14个A值的相对湿度查算表和14个相应A值的相对湿度大气压力修正表;并用相当篇幅探讨了干湿球法测量相对湿度的测量不确定度问题。 | |
| 606 | 0 | @a湿度@Ashi du@x气象观测@x计算@j手册 |
| 690 | @aP412.13-62@v4 | |
| 701 | 0 | @a陈云生@Achen yun sheng@4编著 |
| 801 | 0 | @aCN@bQSSK@c20080124 |
| 905 | @b280289-90@dP412.13-62@eC636@f2 | |
| 环境试验与环境试验设备用湿度查算手册/陈云生编著.-北京:中国标准出版社,2007.11 |
| 10, 206页;26cm |
| ISBN 978-7-5066-4553-9:CNY30.00 |
| 本书给出了14个A值的相对湿度查算表和14个相应A值的相对湿度大气压力修正表;并用相当篇幅探讨了干湿球法测量相对湿度的测量不确定度问题。 |
| ● |
| 相关链接 |
|
|
|
正题名:环境试验与环境试验设备用湿度查算手册
索取号:P412.13-62/C636
 
预约/预借
| 序号 | 登录号 | 条形码 | 馆藏地/架位号 | 状态 | 备注 |
| 1 | 280289 | 202802896 | 自科库401/401自科库 127排2列5层/ [索取号:P412.13-62/C636] | 在馆 | |
| 2 | 280290 | 202802903 | 期刊室512/401自科库 121排2列6层/ [索取号:P412.13-62/C636] | 在馆 |